| 000 | 00358nam a2200145Ia 4500 | ||
|---|---|---|---|
| 008 | 191201s2004 xx 000 0 und d | ||
| 082 |
_a677.84 _bHUS |
||
| 100 | _aHURST, GH | ||
| 245 | 0 | _aSilk Dyeing Printing and Finishing | |
| 250 | _a1st | ||
| 260 |
_aChandigarh _bAbhishek Publications _c2004 |
||
| 300 | _a226 | ||
| 650 | _aB.Tech(TE) | ||
| 942 |
_2ddc _cBK |
||
| 999 |
_c2536 _d2536 |
||